00406nam a2200145 a 4500999001700000100001800017245004200035250001300077260005000090300001900140650001600159700002500175856005300200942000700253 c86283d862831 aSubba Rao, P.10aPrinciples and practice of management aRev. ed. aMumbai [India] :bHimalaya Pub. House,c2010. a192 p. :bill. 0aManagement.1 aPande, Hari Shankar.40uhttp://site.ebrary.com/lib/rucke/Doc?id=10416059 cBK